K zachovanosti hrnčiarskych pecí v Nitre-Lupke

Bibliographic Details
Main Author: Vlkolinská, Ivona (Author)
Format: Article
Language:Slovak

MARC

LEADER 00000nab a2200000uu 4500
001 vtls010883624
003 SK-MaSNL
005 20260303145104.0
008 230222|2012 xo |||||||||||||||||slo|
015 |a SNBRB 
035 |a (urnnbn)urn:nbn:sk:snk:ar-0026cu 
035 |a (uuid)8595d02f-cd06-4d8d-afbf-28cdbc21d21c 
035 |a urn:nbn:sk:snk-ab8f3z 
040 |a SNKBUCL  |b slo  |c SNKBUCL  |e AACR2 
041 0 |a slo 
044 |a xo  |c SK 
100 1 |a Vlkolinská, Ivona  |4 aut  |9 8846 
245 1 0 |a K zachovanosti hrnčiarskych pecí v Nitre-Lupke  |c Ivona Vlkolinská 
773 0 |t Acta historica Neosoliensia : ročenka Katedry histórie Fakulty humanitných vied Univerzity Mateja Bela v Banskej Bystrici  |g Roč. 15, č. 1-2 (2012), s. 73-81 
954 |a odborná, vedecká literatúra pôvodná (slovenská)  |2 lita 
958 |a OND 
958 |a EUIPO 
958 |a article10 
999 |c 2000389  |d 2002319